000
00210 a2200097 4500
001
11059
100
_a
Akhtar Aman
245
_a
Islami Jamouria Pakistan
260
_a
_b
Universal Book
_c
090
_c
8623
_d
8623
942
_a
NUST-CAE
_c
M
_c
35404
999
_c
246132
_d
246132